<?xml version="1.0" encoding="UTF-8"?><marc:collection xmlns:marc="http://www.loc.gov/MARC21/slim">
  <marc:record>
    <marc:leader>00000nam##2200000za#4500</marc:leader>
    <marc:controlfield tag="001">9.681066</marc:controlfield>
    <marc:controlfield tag="003">CaOODSP</marc:controlfield>
    <marc:controlfield tag="005">20200330065740</marc:controlfield>
    <marc:controlfield tag="007">ta</marc:controlfield>
    <marc:controlfield tag="008">150407|1999||||xxc|||||     f|0| 0 fre|d</marc:controlfield>
    <marc:datafield tag="020" ind1=" " ind2=" ">
      <marc:subfield code="a">0-662-84485-8</marc:subfield>
    </marc:datafield>
    <marc:datafield tag="040" ind1=" " ind2=" ">
      <marc:subfield code="a">CaOODSP</marc:subfield>
      <marc:subfield code="b">fre</marc:subfield>
    </marc:datafield>
    <marc:datafield tag="043" ind1=" " ind2=" ">
      <marc:subfield code="a">n-cn---</marc:subfield>
    </marc:datafield>
    <marc:datafield tag="086" ind1="1" ind2=" ">
      <marc:subfield code="a">D82-50/2000F</marc:subfield>
    </marc:datafield>
    <marc:datafield tag="110" ind1="1" ind2=" ">
      <marc:subfield code="a">Canada.</marc:subfield>
      <marc:subfield code="b">Protection civile Canada.</marc:subfield>
    </marc:datafield>
    <marc:datafield tag="245" ind1="1" ind2="0">
      <marc:subfield code="a">Mesures d'atténuation des catastrophes et protection civile dans un monde au climat changeant : </marc:subfield>
      <marc:subfield code="b">un document de synthèse / </marc:subfield>
      <marc:subfield code="c">par James Bruce, Ian Burton et Mark Egener. </marc:subfield>
    </marc:datafield>
    <marc:datafield tag="260" ind1=" " ind2=" ">
      <marc:subfield code="a">Ottawa - Ontario : </marc:subfield>
      <marc:subfield code="b">Protection civile Canada </marc:subfield>
      <marc:subfield code="c">1999.</marc:subfield>
    </marc:datafield>
    <marc:datafield tag="300" ind1=" " ind2=" ">
      <marc:subfield code="a">ii, 42p. : </marc:subfield>
      <marc:subfield code="b">graphiques, références ; </marc:subfield>
      <marc:subfield code="c">28 cm.</marc:subfield>
    </marc:datafield>
    <marc:datafield tag="500" ind1=" " ind2=" ">
      <marc:subfield code="a">«Ce document de synthèse présente un aperçu général des questions que soulèvent le changement climatique et les phénomènes météorologiques violents, ainsi qu'une description des conclusions scientifiques les plus récentes à ce sujet. Le document fournit des renseignements sur les liens qui existent entre le changement climatique et la fréquence et la violence des phénomènes météorologiques exceptionnels, en particulier dans les latitudes septentrionales. On y expose les politiques, les moyens et les mécanismes qui réduiront les incidences négatives des événements météorologiques extrêmes et des catastrophes naturelles qui en découlent pour la population et l'infrastructure, en mettant particulièrement l'accent sur la situation canadienne. Enfin, on y examine le besoin de poursuivre sans relâche nos efforts dans les domaines scientifique et technique ainsi que sur les plans politique et administratif afin de réduire au minimum les conséquences du changement climatique.»--Introduction. Données de catalogage avant publication (Canada) imprimées dans cette publication.</marc:subfield>
    </marc:datafield>
    <marc:datafield tag="520" ind1="3" ind2=" ">
      <marc:subfield code="a">Ce document de synthèse présente un aperçu général des questions que soulèvent le changement climatique et les phénomènes météorologiques violents, ainsi qu'une description des conclusions scientifiques les plus récentes à ce sujet. Le document fournit des renseignements sur les liens qui existent entre le changement climatique et la fréquence et la violence des phénomènes météorologiques exceptionnels, en particulier dans les latitudes septentrionales. On y expose les politiques, les moyens et les mécanismes qui réduiront les incidences négatives des événements météorologiques extrêmes et des catastrophes naturelles qui en découlent pour la population et l'infrastructure, en mettant particulièrement l'accent sur la situation canadienne. Enfin, on y examine le besoin de poursuivre sans relâche nos efforts dans les domaines scientifique et technique ainsi que sur les plans politique et administratif afin de réduire au minimum les conséquences du changement climatique.--Introduction</marc:subfield>
    </marc:datafield>
    <marc:datafield tag="563" ind1=" " ind2=" ">
      <marc:subfield code="a">Couverture souple</marc:subfield>
    </marc:datafield>
    <marc:datafield tag="590" ind1=" " ind2=" ">
      <marc:subfield code="a">00-09</marc:subfield>
      <marc:subfield code="b">2000-03-03</marc:subfield>
    </marc:datafield>
    <marc:datafield tag="691" ind1="0" ind2="7">
      <marc:subfield code="a">Climat</marc:subfield>
      <marc:subfield code="2">gcpds</marc:subfield>
    </marc:datafield>
    <marc:datafield tag="691" ind1="0" ind2="7">
      <marc:subfield code="a">Protection civile</marc:subfield>
      <marc:subfield code="2">gcpds</marc:subfield>
    </marc:datafield>
    <marc:datafield tag="720" ind1="1" ind2=" ">
      <marc:subfield code="a">Bruce, James</marc:subfield>
    </marc:datafield>
    <marc:datafield tag="720" ind1="1" ind2=" ">
      <marc:subfield code="a">Burton, Ian</marc:subfield>
    </marc:datafield>
    <marc:datafield tag="720" ind1="1" ind2=" ">
      <marc:subfield code="a">Egener, Mark</marc:subfield>
    </marc:datafield>
    <marc:datafield tag="775" ind1="0" ind2="8">
      <marc:subfield code="t">Disaster mitigation and preparedness in a changing climate : </marc:subfield>
      <marc:subfield code="w">(CaOODSP)9.647668</marc:subfield>
    </marc:datafield>
    <marc:datafield tag="776" ind1="0" ind2="#">
      <marc:subfield code="t">Mesures d'atténuation des catastrophes et protection civile dans un monde au climat changeant : </marc:subfield>
      <marc:subfield code="w">(CaOODSP)9.639796</marc:subfield>
    </marc:datafield>
  </marc:record>
</marc:collection>
